| 000 | 01091cam a2200205 4500 | ||
|---|---|---|---|
| 001 | WB3907-07 | ||
| 008 | 030217n2003 000 0 eng u | ||
| 035 | _a(Sirsi) u121355 | ||
| 245 | _aCountryside should not be sacrificed | ||
| 260 | _c2003 | ||
| 490 |
_aCPRE Press Release _v(05/03) 12 February 2003, (2) |
||
| 520 | _aA new campaign briefing by the Council for the Protection of Rural England (CPRE) provides guidance to help the public assess applications for renewable energy projects and influence local planning decisions. "Renewable energy" comes in advance of government's energy white paper and highlights the importance of protecting the countryside whilst promoting renewable energy schemes. "Renewable energy" available at www.cpre.org.uk/resources/pub/PDFs/energy/renewable-energy.pdf www.cpre.org.uk/press/rel2003/05-03.htm | ||
| 590 | _aWB | ||
| 650 | _aRENEWABLE ENERGY | ||
| 650 | _aCOUNTRYSIDE | ||
| 650 | _aENERGY PROJECTS | ||
| 650 | _aPLANNING APPLICATIONS | ||
| 690 | _aENVIRONMENTAL AND LAND CONSULTANCY-ENERGY-ENERGY USE-ENERGY EFFICIENCY | ||
| 942 | _n0 | ||
| 999 |
_c72117 _d72117 |
||